=LDR 00000nam 2200000 4500 =001 INLIS000000000054906 =005 20200513084534 =035 ##$$a 0010-0320000013 =008 200513################g##########0#ind## =040 ##$$a NBPDMAT =082 ##$$a 297.246 =090 ##$$a 297.246$bHil b =100 ##$$a Hilmi Muqaddas Al-Azizi =245 1#$$a Biografi dan ajaran sufi Nabi Khidlir Jilid 2 /$c Hilmi Muqaddas Al Azizi; editor Abu Ais =250 ##$$a Cet. 1 =260 ##$$a Jombang :$b Ash Shofa,$c 2013 =300 ##$$a 154 hlm. ; $c 16 x 24 cm. =650 #4$$a Nabi Khidlir =700 #$$a Abu Ais =850 ##$$a NBPDMAT =084 ##$$a 297.246 HIL b =990 ##$$a 21600635 =990 ##$$a 21600636 =990 ##$$a 21600637 =990 ##$$a 21600638 =990 ##$$a 21600639 =990 ##$$a 21600639 =990 ##$$a 21600635 =990 ##$$a 21600636 =990 ##$$a 21600637 =990 ##$$a 21600638